Normal view
MARC view
- Korgaonkar, Gill.
Entry Personal Name
001 - CONTROL NUMBER
- control field: 46153
003 - CONTROL NUMBER IDENTIFIER
- control field: OSt
005 - DATE AND TIME OF LATEST TRANSACTION
- control field: 20220928135349.0
008 - FIXED-LENGTH DATA ELEMENTS
- fixed length control field: 220928|| aca||aabn | a|a d
040 ## - CATALOGING SOURCE
- Original cataloging agency: OSt
- Transcribing agency: OSt
100 ## - HEADING--PERSONAL NAME
- Personal name: Korgaonkar, Gill.
- Relator term: author.
670 ## - SOURCE DATA FOUND
- Source citation: Work cat.: (OSt): Sabbagh, Muna. 46150, Social work law, ethics & social policy /, ©2022.
